ICC Countries Quiz - Statistics

General Stats
  • This quiz has been taken 19 times
  • The average score is 69 of 123
Answer Stats
Hint Answer % Correct
South America Argentina
78%
Oceania Australia
78%
Asia Bangladesh
78%
North America Canada
78%
Europe France
78%
Europe Italy
78%
Asia Japan
78%
North America Mexico
78%
Oceania New Zealand
78%
Europe Portugal
78%
Asia South Korea
78%
Europe Spain
78%
Europe United Kingdom
78%
Asia Afghanistan
67%
North America Antigua and Barbuda
67%
North America Belize
67%
South America Bolivia
67%
South America Brazil
67%
South America Chile
67%
South America Colombia
67%
North America Dominica
67%
North America Dominican Republic
67%
South America Ecuador
67%
North America El Salvador
67%
Oceania Fiji
67%
North America Grenada
67%
South America Guyana
67%
Europe Iceland
67%
Europe Ireland
67%
Asia Jordan
67%
Oceania Kiribati
67%
Europe Liechtenstein
67%
Asia Maldives
67%
Oceania Marshall Islands
67%
Oceania Nauru
67%
North America Panama
67%
South America Paraguay
67%
South America Peru
67%
North America Saint KItts and Nevis
67%
North America Saint Lucia
67%
North America Saint Vincent and the Grenadines
67%
Oceania Samoa
67%
Europe San Marino
67%
South America Suriname
67%
Europe Switzerland
67%
North America Trinidad and Tobago
67%
Europe Ukraine
67%
South America Uruguay
67%
South America Venezuela
67%
Europe Albania
56%
Europe Andorra
56%
Asia Armenia
56%
Europe Austria
56%
North America Barbados
56%
Asia Cambodia
56%
Africa Chad
56%
North America Costa Rica
56%
Africa Democratic Republic of the Congo
56%
Europe Finland
56%
Asia Georgia
56%
Europe Germany
56%
Europe Greece
56%
North America Guatemala
56%
North America Honduras
56%
Europe Latvia
56%
Europe Lithuania
56%
Europe Luxembourg
56%
Europe Malta
56%
Africa Mauritius
56%
Europe Netherlands
56%
Europe Norway
56%
Europe Poland
56%
Africa Republic of the Congo
56%
Africa Seychelles
56%
Europe Slovakia
56%
Europe Slovenia
56%
Europe Sweden
56%
Asia Tajikistan
56%
Oceania Vanuatu
56%
Europe Belgium
44%
Africa Benin
44%
Europe Bosnia and Herzegovina
44%
Africa Botswana
44%
Europe Bulgaria
44%
Africa Burkina Faso
44%
Africa Cape Verde
44%
Africa Central African Republic
44%
Africa Comoros
44%
Europe Croatia
44%
Asia Cyprus
44%
Europe Czech Republic
44%
Europe Denmark
44%
Africa Djibouti
44%
Asia East Timor
44%
Europe Estonia
44%
Africa Gabon
44%
Africa Guinea
44%
Europe Hungary
44%
Africa Ivory Coast
44%
Africa Kenya
44%
Africa Lesotho
44%
Africa Liberia
44%
Africa Malawi
44%
Africa Mali
44%
Europe Moldova
44%
Asia Mongolia
44%
Europe Montenegro
44%
Africa Namibia
44%
Africa Niger
44%
Europe North Macedonia
44%
Europe Romania
44%
Europe Serbia
44%
Africa South Africa
44%
Africa Tunisia
44%
Africa Gambia
33%
Africa Ghana
33%
Africa Madagascar
33%
Africa Nigeria
33%
Africa Senegal
33%
Africa Sierra Leone
33%
Africa Tanzania
33%
Africa Uganda
33%
Africa Zambia
33%
No matching quizzes found
Score Distribution
Percent of People with Each Score
Percentile by Number Answered
Your Score History
You have not taken this quiz